[Event "Veneto Province-ch 82nd"]
[Site "Ceregnano"]
[Date "2023.01.28"]
[Round "2.5"]
[White "Morganti, Lionello"]
[Black "Celandon, Alberto"]
[Result "0-1"]
[WhiteElo "1586"]
[BlackElo "1778"]
[PlyCount "86"]
[EventDate "2023.01.27"]
[EventType "swiss"]
[EventRounds "5"]
[EventCountry "ITA"]
[SourceTitle "EXT 2024"]
[Source "ChessBase"]
[SourceDate "2023.10.10"]
[SourceVersion "1"]
[SourceVersionDate "2023.10.10"]
[SourceQuality "1"]

1. e4 c5 2. Nf3 d6 3. Bb5+ Bd7 4. Bxd7+ Qxd7 5. 0-0 Nc6 6. d4 cxd4 7. Nxd4 Nf6 8. Re1 g6 9. c3 Bg7 10. Nd2 0-0 11. N2f3 Rfd8 12. Bg5 Rac8 13. Rc1 Qc7 14. Qe2 a6 15. Rc2 Nxd4 16. Nxd4 Re8 17. a3 Nd7 18. Rd2 Ne5 19. Nf3 Nc4 20. Rc2 Qb6 21. Bc1 Qc7 22. Nd2 b5 23. Nf3 Red8 24. Rd1 Qc6 25. Nd4 Qb7 26. Nf3 Rd7 27. h3 Rdc7 28. Qd3 a5 29. b3 Ne5 30. Nxe5 Bxe5 31. Bd2 a4 32. Rb1 axb3 33. Rxb3 Rc4 34. Rcb2 Qxe4 35. Qxe4 Rxe4 36. Rxb5 Bxc3 37. Rc2 Rec4 38. Bh6 f6 39. Rb7 Kf7 40. Re2 R4c7 41. Rxc7 Rxc7 42. Be3 d5 43. Rc2 Be5 0-1

[Event "Santa Maria di Sala op-B 29th"]
[Site "Santa Maria di Sala"]
[Date "2022.12.11"]
[Round "5"]
[White "Rubini, Alessandro1111"]
[Black "Celandon, Alberto"]
[Result "1/2-1/2"]
[WhiteElo "1810"]
[BlackElo "1718"]
[PlyCount "47"]
[EventDate "2022.12.09"]
[EventType "swiss"]
[EventRounds "5"]
[EventCountry "ITA"]
[SourceTitle "EXT 2024"]
[Source "ChessBase"]
[SourceDate "2023.10.10"]
[SourceVersion "1"]
[SourceVersionDate "2023.10.10"]
[SourceQuality "1"]

1. e4 c5 2. b4 cxb4 3. d4 d5 4. e5 Nc6 5. a3 Qb6 6. Be3 bxa3 7. Rxa3 Bf5 8. Bd3 Bxd3 9. Rxd3 e6 10. Rb3 Qc7 11. c3 Nge7 12. Nd2 Nf5 13. Bg5 h6 14. Be3 Be7 15. Ne2 0-0 16. Bf4 Na5 17. Rb1 b6 18. Nf3 Nc4 19. h4 Qd8 20. g4 Nxh4 21. Nxh4 Bxh4 22. Qc1 Bg5 23. Rh5 f6 24. Kf1 1/2-1/2

[Event "Santa Maria di Sala op-B 29th"]
[Site "Santa Maria di Sala"]
[Date "2022.12.09"]
[Round "1"]
[White "Crestani, Federico"]
[Black "Celandon, Alberto"]
[Result "0-1"]
[WhiteElo "1566"]
[BlackElo "1718"]
[PlyCount "128"]
[EventDate "2022.12.09"]
[EventType "swiss"]
[EventRounds "5"]
[EventCountry "ITA"]
[SourceTitle "EXT 2024"]
[Source "ChessBase"]
[SourceDate "2023.10.10"]
[SourceVersion "1"]
[SourceVersionDate "2023.10.10"]
[SourceQuality "1"]

1. d4 Nf6 2. Bf4 g6 3. e3 Bg7 4. h3 0-0 5. Nf3 d6 6. Bd3 Nbd7 7. c3 c5 8. 0-0 b6 9. Nbd2 Bb7 10. Qc2 a6 11. Rfe1 Rc8 12. Bg5 b5 13. dxc5 Nxc5 14. Be2 Qb6 15. a3 Rfe8 16. Nd4 Nce4 17. Bxf6 Nxf6 18. Bf1 d5 19. Qb3 e5 20. Nc2 e4 21. Be2 Nd7 22. Nd4 Nc5 23. Qd1 Na4 24. Rb1 Bc6 25. Nxc6 Qxc6 26. Nb3 Red8 27. Nd4 Qb6 28. Bg4 Rc7 29. Be2 Bxd4 30. exd4 Qc6 31. Qd2 a5 32. Rbc1 Rdc8 33. f3 exf3 34. Bxf3 Nb6 35. Qg5 f6 36. Qg3 Nd7 37. Bg4 Rf8 38. Qe3 f5 39. Bf3 Nf6 40. Qd3 Re8 41. Be2 Qc4 42. Rcd1 Rce7 43. Kf1 Ne4 44. Qxc4 bxc4 45. Bf3 Nd2+ 46. Kf2 Nxf3 47. gxf3 Rxe1 48. Rxe1 Rxe1 49. Kxe1 a4 50. f4 Kg7 51. Kf2 Kh6 52. h4 Kh5 53. Kg3 h6 54. Kh3 g5 55. hxg5 hxg5 56. fxg5 Kxg5 57. Kg3 f4+ 58. Kf3 Kf5 59. Kf2 Ke4 60. Ke2 f3+ 61. Kf2 Kf4 62. Kf1 Ke3 63. Ke1 f2+ 64. Kf1 Kf3 0-1